Флаги Северной и Южной Америки - Statistics

General Stats
  • This quiz has been taken 1 074 times
  • The average score is 21 of 35
Answer Stats
Picture Answer % Correct
Канада
99%
Соединённые Штаты Америки
99%
Мексика
98%
Бразилия
98%
Аргентина
93%
Ямайка
92%
Колумбия
89%
Венесуэла
89%
Уругвай
82%
Эквадор
77%
Чили
76%
Куба
75%
Барбадос
70%
Панама
66%
Перу
60%
Никарагуа
57%
Гондурас
57%
Гватемала
56%
Доминиканская Республика
56%
Парагвай
56%
Коста-Рика
53%
Сальвадор
50%
Гаити
47%
Багамские Острова
45%
Белиз
45%
Сент-Люсия
44%
Тринидад и Тобаго
44%
Антигуа и Барбуда
43%
Гайана
40%
Суринам
38%
Доминика
37%
Боливия
36%
Гренада
31%
Сент-Винсент и Гренадины
26%
Сент-Киттс и Невис
19%
No matching quizzes found
Score Distribution
Percent of People with Each Score
Percentile by Number Answered
Your Score History
You have not taken this quiz